Introduction to the foundations of mathematics /

Guardado en:
Autor Principal: Wilder, Raymond Louis, 1896-
Formato: Libro
Idioma:English
Publicado: New York : Wiley, c1952.
Etiquetas: Agregar Etiqueta
Sin Etiquetas, Sea el primero en etiquetar este registro!
LEADER 00564nam a22001695a 4500
001 MAT.inmabb000534
008 031117s1952####nyu######b####001#0#eng#d
005 20151117154512.0
245 1 0 |a Introduction to the foundations of mathematics /  |c Raymond L. Wilder. 
260 |a New York :  |b Wiley,  |c c1952. 
300 |a xiv, 305 p. ;  |c 24 cm. 
504 |a Incluye referencias bibliográficas (p. 285-295) e índices. 
510 4 |a MR,  |c 14,441d 
100 1 |a Wilder, Raymond Louis,  |d 1896- 
084 |a 03B30  |2 msc2000 
010 |a  52010923  
859 |h 03  |i W673  |p A-316  |b BIB. MATEMATICA